Net zero energy design : (Record no. 353884)

000 -LEADER
fixed length control field 02251nam a2200277 a 4500
001 - CONTROL NUMBER
control field ASIN1118018540
003 - CONTROL NUMBER IDENTIFIER
control field OSt
005 - DATE AND TIME OF LATEST TRANSACTION
control field 20180116192420.0
008 - FIXED-LENGTH DATA ELEMENTS--GENERAL INFORMATION
fixed length control field 140128s2012 xxu eng d
020 ## - INTERNATIONAL STANDARD BOOK NUMBER
International Standard Book Number 1118018540 (hardcover)
Terms of availability $85.00
020 ## - INTERNATIONAL STANDARD BOOK NUMBER
International Standard Book Number 9781118018545 (hardcover)
040 ## - CATALOGING SOURCE
Transcribing agency SADA
050 04 - LIBRARY OF CONGRESS CALL NUMBER
Classification number TJ163.5.B84
082 04 - DEWEY DECIMAL CLASSIFICATION NUMBER
Classification number 690.520286
100 1# - MAIN ENTRY--PERSONAL NAME
Personal name Hootman, Thomas.
9 (RLIN) 7277
245 10 - TITLE STATEMENT
Title Net zero energy design :
Remainder of title a guide for commercial architecture /
Statement of responsibility, etc. Thomas Hootman.
250 ## - EDITION STATEMENT
Edition statement 1st ed.
260 ## - PUBLICATION, DISTRIBUTION, ETC.
Place of publication, distribution, etc. [S.l.] :
Name of publisher, distributor, etc. Wiley,
Date of publication, distribution, etc. 2012.
300 ## - PHYSICAL DESCRIPTION
Extent 464 p. ;
Dimensions 28 cm.
520 ## - SUMMARY, ETC.
Summary, etc. Conveniently organized and packed with robust technical content and clear explanations of key principles Written by an architect who is the director of sustainability at a global architecture firm, Net Zero Energy Design is a practical guide for architects and related construction professionals who want to design and build net zero energy commercial architecture. It offers no-nonsense strategies, step-by-step technical analysis, and valuable examples, in addition to developed case studies. With a focus on application in a variety of building types and scales, the book also develops a broad-based understanding of all the integrated principles involved in achieving net zero energy. This book is an indispensable resource for anyone venturing into net zero energy design, construction, and operation, and it also serves as an excellent resource on a variety of sustainable design topics. Important features include: Organization based upon the commercial building delivery process Robust technical content for use in actual project applications Analysis examples that demonstrate key technical principles Plenty of design data for use as a valuable design resource Abundant and sophisticated information graphics and color illustrations and photographs A distinct design focus on the content that inspires adoption of principles into projects.
650 #0 - SUBJECT ADDED ENTRY--TOPICAL TERM
Topical term or geographic name entry element Architecture and energy conservation
9 (RLIN) 7278
650 #0 - SUBJECT ADDED ENTRY--TOPICAL TERM
Topical term or geographic name entry element Commercial buildings--Energy conservation
9 (RLIN) 7279
650 #0 - SUBJECT ADDED ENTRY--TOPICAL TERM
Topical term or geographic name entry element Commercial buildings--Environmental aspects
9 (RLIN) 7280
856 40 - ELECTRONIC LOCATION AND ACCESS
Materials specified Amazon.com
Uniform Resource Identifier <a href="http://www.amazon.com/exec/obidos/ASIN/1118018540/chopaconline-20">http://www.amazon.com/exec/obidos/ASIN/1118018540/chopaconline-20</a>
942 ## - ADDED ENTRY ELEMENTS (KOHA)
Source of classification or shelving scheme
Koha item type Book
Holdings
Withdrawn status Lost status Source of classification or shelving scheme Damaged status Not for loan Permanent Location Current Location Date acquired Total Checkouts Total Renewals Full call number Barcode Date last seen Date last checked out Cost, replacement price Price effective from Koha item type
          School of Art Design and Architecture (SADA) School of Art Design and Architecture (SADA) 01/23/2014 3 1 690.520286 HOO 2012 SADA0002197 06/28/2016 06/17/2016 4981.25 01/28/2014 Book
© 2023 Central Library, National University of Sciences and Technology. All Rights Reserved.